|
|
|
|
| LEADER |
01347nam a2200301 a 4500 |
| 001 |
GR-Patra10329 |
| 008 |
991022s1994 xxu 000 b eng d |
| 020 |
|
|
|a 013138421X
|
| 040 |
|
|
|a GrPaTEI
|b gre
|c GR-PaULI
|
| 082 |
|
0 |
|a 618.92855
|
| 100 |
1 |
|
|a Klein, Harriet B.
|
| 245 |
1 |
0 |
|a Intervention planning for children with communication disorders :
|b хa иguide for clinical practicum and professional practice /
|c Harriet B. Klein, Nelson Moses.
|
| 260 |
|
|
|a Englewood Cliffs :
|b Prentice-Hall,
|c c1994
|
| 300 |
|
|
|a xiii, 342σ.
|
| 504 |
|
|
|a Bibliography: p.287-309
|
| 650 |
|
0 |
|a Language disorders
|
| 650 |
|
0 |
|a SPEECH DISORDERS
|
| 650 |
|
4 |
|a ΓΛΩΣΣΑ
|
| 650 |
|
4 |
|a ΓΛΩΣΣΟΛΟΓΙΑ
|x Ιστορία
|
| 650 |
|
4 |
|a ΛΟΓΟΘΕΡΑΠΕΙΑ
|
| 650 |
|
4 |
|a Λόγος
|
| 650 |
|
4 |
|a ΛΟΓΟΣ, ΔΙΑΤΑΡΑΧΕΣ ΤΟΥ
|
| 700 |
1 |
|
|a Moses, Nelson
|
| 942 |
|
|
|2 ddc
|
| 952 |
|
|
|0 0
|1 0
|2 ddc
|4 0
|6 618_928550000000000_KLE
|7 0
|9 290903
|a LISK
|b LISK
|c BSC
|d 2021-01-17
|e 24
|f 0
|g 0.00
|l 0
|o 618.92855 KLE
|p 92410013130
|r 2021-01-17 00:00:00
|t 1
|w 2021-01-17
|y BK15
|x 19991024 0 1
|x GrPaTEI
|
| 952 |
|
|
|0 0
|1 0
|2 ddc
|4 0
|6 618_928550000000000_KLE
|7 0
|9 290904
|a LISK
|b LISK
|c BSC
|d 2021-01-17
|e 24
|f 0
|g 0.00
|l 0
|o 618.92855 KLE
|p 92410019237
|r 2021-01-17 00:00:00
|t 1
|w 2021-01-17
|y BK15
|x 20031024 0 1
|x GrPaTEI
|
| 971 |
|
|
|a .b2657844x
|b 01-10-20
|c 23-09-16
|
| 999 |
|
|
|c 169885
|d 169885
|